LEADER 01213nam1 2200349 450 001 990003498100203316 005 20110216125129.0 035 $a000349810 035 $aUSA01000349810 035 $a(ALEPH)000349810USA01 035 $a000349810 100 $a20110216d--------km-y0itay50------ba 101 $aita 102 $aIT 105 $a||||||||001yy 200 1 $aTecnica operativa$fAchille Mario Dogliotti$gcon la collaborazione di Antonio Bobbio...[et al.] 210 $aTorino$cUTET 215 $a2 v.$d28 cm 463 \1$1001990003498120203316$12001 $a<> Interventi sul cranio e sul cervello, interventi sui nervi cranici, interventi per il trattamento sintomatico del dolore... 463 \1$1001990003498140203316$12001 $a<> Interventi sul mediastino, interventi sul pericardio, sul cuore e sui grossi vasi... 606 0 $aChirurgia$2BNCF 676 $a617 700 1$aDOGLIOTTI,$bAchille Mario$0324572 702 1$aBOBBIO,$bAntonio 801 0$aIT$bsalbc$gISBD 912 $a990003498100203316 951 $aFDC 114/$cFDC 959 $aBK 969 $aMED 979 $aMANCUSO$b90$c20110216$lUSA01$h1251 996 $aTecnica operativa$91111453 997 $aUNISA LEADER 01155nam0-22003371i-450- 001 990007083920403321 005 20020522 010 $a3-540-65397-X 035 $a000708392 035 $aFED01000708392 035 $a(Aleph)000708392FED01 035 $a000708392 100 $a20020522d1999----km-y0itay50------ba 101 0 $ager 102 $aDE 105 $ay-------001yy 200 1 $aEingreifen auf Einladung$ezur völkerrechtlichen Zulässigkeit des Einsatzes fremder Truppen im internen Konflikt auf Einlaudung der Regierung$fGeorg Nolte 210 $aBerlin$cSpringer$dc1999 215 $aXXXIV, 699 p.$d24 cm 225 1 $aBeiträge zum ausländischen öffentlichen Recht und Völkerrecht$x0172-4770$v136 320 $aBibliografia: p. 641-684. Indice 328 $aHeidelberg, Univ., Habil.-Schr., 1998 676 $a341.584$v21$zita 700 1$aNolte,$bGeorg$0232273 801 0$aIT$bUNINA$gRICA$2UNIMARC 901 $aBK 912 $a990007083920403321 951 $aX O 7 (136)$b40789*$eBiblioteca Centrale della Facoltà di Giurisprudenza$fFGBC 959 $aFGBC 996 $aEingreifen auf Einladung$9706451 997 $aUNINA LEADER 00826nam0-2200301---450- 001 990008264400403321 005 20060130155301.0 010 $a0 521 82317 X 035 $a000826440 035 $aFED01000826440 035 $a(Aleph)000826440FED01 035 $a000826440 100 $a20060130d--------km-y0itay50------ba 101 0 $aeng 102 $aGB 105 $aa-------001yy 200 1 $aPhysical Properties of Polymers$fJames E. Mark ...[et. al] 205 $a3.ed. 210 $aCambridge$cCambridge University Press$dc2003 215 $axiii, 519 p.$cill.$d24 cm 700 1$aMark,$bJames E.$022309 801 0$aIT$bUNINA$gRICA$2UNIMARC 901 $aBK 912 $a990008264400403321 952 $a082-238$b5610$fDCH 959 $aDCH 996 $aPhysical Properties of Polymers$9742380 997 $aUNINA